Franšíza ano či ne?

Franšízing ako cesta k samostatnému podnikaniu, alebo ako možnosť rozšíriť podnikanie. Franšízing - sloboda s pravidlami. Čo si treba uvedomiť pred vstupom do franšízingovej siete. Výber franšízora. Výhody franšízanta. Nevýhody franšízanta. Výhody franšízingu pre franšízora. Nevýhody franšízingu pre...

ver descrição completa

Na minha lista:
Detalhes bibliográficos
Autor principal: Čempelová, Zuzana
Formato: Capítulo de Livro
Idioma:tcheco
Assuntos:
Tags: Adicionar Tag
Sem tags, seja o primeiro a adicionar uma tag!

MARC

LEADER 00000naa a2200000 4500
001 0127379
005 20231129102453.1
041 0 |a cze 
044 |a CZ 
245 1 0 |a Franšíza ano či ne?  |c Zuzana Čempelová 
520 |a Franšízing ako cesta k samostatnému podnikaniu, alebo ako možnosť rozšíriť podnikanie. Franšízing - sloboda s pravidlami. Čo si treba uvedomiť pred vstupom do franšízingovej siete. Výber franšízora. Výhody franšízanta. Nevýhody franšízanta. Výhody franšízingu pre franšízora. Nevýhody franšízingu pre franšízora. 
610 2 0 |a franšíza 
610 2 0 |a podnikanie 
610 2 0 |a podnikatelia 
610 2 0 |a firmy 
610 2 0 |a obchod 
610 2 0 |a licencie 
610 2 0 |a zmluvy 
100 1 |a Čempelová, Zuzana